Gerald Ford Presidential Cabinet - Statistics

General Stats
  • This quiz has been taken 46 times
  • The average score is 11 of 28
Answer Stats
Cabinet Position Cabinet Member % Correct
Secretary of State (1974-1977) Henry Kissinger
95%
Vice President (1974-1977) Nelson Rockefeller
95%
Chief of Staff (1975-1977) Dick Cheney
90%
Chief of Staff (1974-1975), Secretary of Defense (1975-1977) Donald Rumsfeld
85%
Chief of Staff (1974) Alexander Haig
70%
Secretary of Agriculture (1974-1976) Earl Butz
55%
Secretary of Commerce (1976-1977) Elliot Richardson
55%
Secretary of Defense (1974-1975) James Schlesinger
50%
Secretary of the Interior (1974-1975), Secretary of Commerce (1975-1976) Rogers Morton
50%
Secretary of Health, Education, and Welfare (1974-1975) Caspar Weinberger
45%
Secretary of Treasury (1974-1977) William Simon
45%
Attorney General (1974-1975) William Saxbe
40%
Director of the Office of Management and Budget (1974-1975) Roy Ash
35%
Secretary of Commerce (1974-1975), United States Trade Representative (1975-1977) Frederick B. Dent
25%
Secretary of Housing and Urban Development (1975-1977) Carla Anderson Hills
20%
Secretary of Transportation (1974-1975) Claude Brinegar
15%
Attorney General (1975-1977) Edward Levi
15%
Secretary of Health, Education, and Welfare (1975-1977) F. David Matthews
15%
Secretary of Housing and Urban Development (1974-1975), Director of the Office of Management and Budget (1975-1977) James Thomas Lynn
15%
Secretary of Agriculture (1976-1977) John Albert Knebel
15%
Secretary of Labor (1975-1976) John Thomas Dunlop
15%
Secretary of Labor (1974-1975) Peter Brennan
15%
Administrator of the Environmental Protection Agency (1974-1977) Russell Train
15%
Secretary of the Interior (1975) Stanley Hathaway
15%
Secretary of the Interior (1975-1977) Thomas Kleppe
15%
United States Trade Representative (1974-1975) William Denman Eberle
15%
Secretary of Transportation (1975-1977) William Thaddeus Coleman Jr.
15%
Secretary of Labor (1976-1977) William Usery Jr.
15%
No matching quizzes found
Score Distribution
Percent of People with Each Score
Percentile by Number Answered
Your Score History
You have not taken this quiz